000 00258nam a2200109Ia 4500
008 230907s9999||||xx |||||||||||||| ||und||
082 _a333.88,STO
100 _aStober, Ingrid.
_9115079
245 0 _aGeothermal energy:
300 _aix, 291p.:
942 _cBK
999 _c597478
_d597478